000 00448nam a2200157Ia 4500
008 210210b2002 xxu||||| |||| 00| 0 eng d
082 _a307.72 SUNR
100 _aSUNDARAM (I Satya).
245 _aRural developmen: a text book for university and college students. Ed.2
250 _a
260 _aMumbai
_bHimalaya Publishing House
_c2002
300 _axvii,614
650 _aRural development
690 _aRural Sociology
906 _a059261
999 _c106260
_d106260